000 00620nam a2200241Ia 4500
003 OSt
005 20221005124413.0
006 a|||||r|||| 00| 0
007 ta
008 221004b |||||||| |||| 00| 0 asm d
024 _a47738
037 _cTextual
040 _aCRL
_cCRL
_basm
041 _2asm
_aasm
082 _aO158,3N24,1, 31M9
100 _aBhattachaaya B Au.
_9635157
245 0 _aMukkal kural
260 _c1989
300 _a336p.
_ccm.
650 _aASSAMESE LITERATURE
_911738
942 _hO158,3N24,1, 31M9
_cTEXL
_2cc
999 _c1050348
_d1050348